[Event "ICS rated blitz match"]
[Site "204.178.125.65"]
[Date "2000.02.01"]
[Round "?"]
[White "Arbat"]
[Black "Hossa"]
[Result "0-1"]
[WhiteElo "2234"]
[BlackElo "2289"]
[PlyCount "32"]

1. e4 e5 2. Nf3 Nc6 3. Bb5 Nf6 4. O-O Bc5 5. Bxc6 dxc6 6. Nxe5 Nxe4 7. Nc3 Nxf2
8. Rxf2 Bxf2+ 9. Kxf2 Qd4+ 10. Kf1 Qxe5 11. d4 Qxh2 12. Qe2+ Be6 13. Be3 O-O-O
14. a4 Qh1+ 15. Bg1 Rxd4 16. b3 Rf4+ 0-1

[Event "ICS rated blitz match"]
[Site "204.178.125.65"]
[Date "2000.02.01"]
[Round "?"]
[White "Hossa"]
[Black "Arbat"]
[Result "1-0"]
[WhiteElo "2302"]
[BlackElo "2221"]
[PlyCount "67"]

1. e4 c5 2. Nf3 Nc6 3. d4 cxd4 4. Nxd4 g6 5. Nc3 Bg7 6. Be3 Nf6 7. Bc4 O-O 8.
Bb3 Ng4 9. Qxg4 Nxd4 10. Qd1 Nxb3 11. axb3 a6 12. Bd4 d6 13. Bxg7 Kxg7 14. Qd4+
Kg8 15. O-O Be6 16. Qe3 Qc7 17. Qh6 Qc5 18. Ra4 Qe5 19. Rb4 b5 20. Qd2 Rfc8 21.
Rd1 Rc5 22. Qh6 Qg7 23. Qxg7+ Kxg7 24. Ra1 Bd7 25. Rd4 Bc6 26. b4 Rc4 27. Rxc4
bxc4 28. h4 Bb7 29. Rd1 h5 30. Rd4 Rc8 31. f4 Kf6 32. Kf2 Rc7 33. Kf3 Bc8 34.
Nd5+ 1-0

[Event "ICS rated blitz match"]
[Site "204.178.125.65"]
[Date "2000.02.01"]
[Round "?"]
[White "Zippy"]
[Black "Hossa"]
[Result "0-1"]
[WhiteElo "2281"]
[BlackElo "2314"]
[PlyCount "130"]

1. e4 e5 2. Nf3 Nc6 3. Bb5 Nf6 4. O-O Bc5 5. Nxe5 Nxe5 6. d4 a6 7. Be2 Nxe4 8.
dxc5 Nxc5 9. Be3 d6 10. Bxc5 dxc5 11. Qxd8+ Kxd8 12. Rd1+ Bd7 13. Rd5 Re8 14.
Nc3 b6 15. Rad1 Re7 16. f4 Ng6 17. Bg4 Nf8 18. R5d3 c6 19. Na4 Rb8 20. R3d2 Kc7
21. Be2 Ne6 22. Bxa6 Nxf4 23. Nc3 b5 24. a4 Rb6 25. axb5 cxb5 26. g3 b4 27.
Nb5+ Bxb5 28. Bxb5 Rxb5 29. gxf4 Ra5 30. Rd5 Kb6 31. c3 Ra2 32. cxb4 cxb4 33.
R1d2 Re1+ 34. Kf2 Rb1 35. Rd6+ Kb5 36. Kg3 Rbxb2 37. Rxb2 Rxb2 38. Rd7 Rb3+ 39.
Kh4 Rb1 40. Rxf7 Rg1 41. Rb7+ Ka4 42. Ra7+ Kb3 43. Rb7 Kc3 44. Rc7+ Kb2 45. Rb7
b3 46. f5 Rg2 47. Kh3 Rg5 48. f6 gxf6 49. Rxh7 Kc3 50. Rc7+ Kb4 51. Rc1 b2 52.
Rf1 Ra5 53. Kh4 Ra1 54. Rxf6 b1=Q 55. Rb6+ Kc5 56. Rxb1 Rxb1 57. Kh5 Rg1 58. h4
Kd5 59. Kh6 Rg2 60. Kh5 Ke5 61. Kh6 Kf6 62. h5 Rh2 63. Kh7 Rxh5+ 64. Kg8 Rh4
65. Kf8 Rh8# 0-1

[Event "ICS rated standard match"]
[Site "204.178.125.65"]
[Date "2000.02.01"]
[Round "?"]
[White "Tinker"]
[Black "Hossa"]
[Result "0-1"]
[WhiteElo "2211"]
[BlackElo "2214"]
[PlyCount "120"]

1. e4 e5 2. Nf3 Nc6 3. Bb5 Nf6 4. Bxc6 dxc6 5. O-O Bg4 6. h3 Bh5 7. d3 Bd6 8.
g4 Bg6 9. Nh4 Ng8 10. Nxg6 hxg6 11. Qf3 Qh4 12. Kg2 O-O-O 13. Rh1 Rd7 14. Rh2
b6 15. Kg1 Bc5 16. Nc3 g5 17. Nd1 Nf6 18. Ne3 Ne8 19. Nf5 Qh7 20. Bxg5 f6 21.
Bd2 g6 22. Ng3 Bd4 23. c3 Bc5 24. Qe2 Ng7 25. d4 exd4 26. Qa6+ Kb8 27. cxd4
Bxd4 28. Bc3 Ne6 29. Bxd4 Nxd4 30. Kg2 Nc2 31. Rb1 Qh4 32. Qe2 Nd4 33. Qe3 c5
34. Kf1 Nc2 35. Qc3 Nb4 36. Qc4 Rhd8 37. Qb3 Nd3 38. Rd1 Rd4 39. Ne2 c4 40. Qb5
Rxe4 41. Qc6 Rxg4 42. Qf3 Re4 43. Nc3 Rf4 44. Qe3 Rfd4 45. Rd2 Qh8 46. Kg1 Rh4
47. Qg3 Re8 48. Re2 Rxe2 49. Nxe2 Qh5 50. f4 Nxb2 51. f5 gxf5 52. Nc3 Qh7 53.
Re2 Rxh3 54. Qg2 Qh8 55. Nd5 Nd3 56. Re7 f4 57. Nxc7 f3 58. Na6+ Ka8 59. Nc7+
Kb7 60. Ne6+ Kc6 0-1

[Event "ICS Rated standard match"]
[Site "204.178.125.65"]
[Date "2000.02.01"]
[Round "?"]
[White "Hossa"]
[Black "Tinker"]
[Result "0-1"]
[WhiteElo "2230"]
[BlackElo "2195"]
[PlyCount "102"]

1. e4 e5 2. Nf3 Nf6 3. Nxe5 d6 4. Nf3 Nxe4 5. d4 d5 6. Bd3 Bb4+ 7. c3 Bd6 8.
O-O O-O 9. c4 Bf5 10. cxd5 Nd7 11. Re1 Ndf6 12. Qb3 Re8 13. Qxb7 Ng4 14. Bxe4
Bxe4 15. Nbd2 Bxf3 16. Rxe8+ Qxe8 17. Nxf3 Bxh2+ 18. Kf1 Bd6 19. b3 Qf8 20. Bg5
h6 21. Bd2 Nf6 22. Kg1 Qb8 23. Qc6 Qd8 24. Re1 a6 25. Ne5 Bf8 26. Re3 Bd6 27.
Ba5 Ne8 28. Nc4 Rc8 29. Qxa6 Bf8 30. Qb7 Nd6 31. Nxd6 Bxd6 32. b4 Bf4 33. Rc3
Qe8 34. g3 Qe1+ 35. Kg2 Re8 36. Rf3 Bxg3 37. Bxc7 Bxf2 38. Rxf2 Qe4+ 39. Kg3
Qe3+ 40. Rf3 Qg1+ 41. Kh3 h5 42. Qb5 Re4 43. Bf4 Qg4+ 44. Kh2 Qxf3 45. Qb8+ Kh7
46. Qb5 Qxf4+ 47. Kg2 Qd2+ 48. Kg1 Rg4+ 49. Kf1 Rf4+ 50. Kg1 Qf2+ 51. Kh1 Rh4#
0-1

[Event "ICS rated standard match"]
[Site "204.178.125.65"]
[Date "2000.02.01"]
[Round "?"]
[White "Hossa"]
[Black "gambitmaster"]
[Result "1/2-1/2"]
[WhiteElo "2209"]
[BlackElo "2382"]
[PlyCount "29"]

1. d4 d5 2. Nf3 Bf5 3. c4 e6 4. Qb3 Nc6 5. Qxb7 Nb4 6. Kd1 Bc2+ 7. Kd2 Rb8 8.
Qxa7 Ra8 9. Qb7 Rb8 10. Qa7 dxc4 11. Na3 Ra8 12. Qb7 Rb8 13. Qa7 Ra8 14. Qb7
Rb8 15. Qa7 1/2-1/2

[Event "ICS rated blitz match"]
[Site "204.178.125.65"]
[Date "2000.02.01"]
[Round "?"]
[White "gambitmaster"]
[Black "Hossa"]
[Result "1-0"]
[WhiteElo "2543"]
[BlackElo "2305"]
[PlyCount "123"]

1. d4 Nf6 2. c4 g6 3. Nc3 d5 4. Nf3 Bg7 5. Qb3 e6 6. cxd5 exd5 7. Bg5 c6 8. e3
Nbd7 9. Bd3 O-O 10. O-O Re8 11. Qc2 Nf8 12. Rac1 Ne6 13. Bh4 Qe7 14. Qb3 b6 15.
Ne5 Bb7 16. Na4 Rac8 17. f3 Qc7 18. Qc3 Nd7 19. Nxd7 Qxd7 20. Qb4 f5 21. Rfe1
f4 22. Bf2 fxe3 23. Bxe3 Qe7 24. Qd2 Qf6 25. Nc3 c5 26. Nb5 cxd4 27. Rxc8 Rxc8
28. Bf2 Rd8 29. Bg3 Rf8 30. Be5 Qh4 31. Bxg7 Nxg7 32. Bc2 Nh5 33. Bb3 d3 34.
Re3 Qf6 35. Nxa7 Nf4 36. g3 Ne6 37. Qxd3 Nd4 38. f4 Kh8 39. Bd1 Nf5 40. Re5 Ra8
41. Qc3 d4 42. Qc7 Ba6 43. g4 Ne3 44. Re7 Bc4 45. Bf3 Nd5 46. Bxd5 Bxd5 47. g5
Qxe7 48. Qxe7 Kg8 49. Nc6 Rf8 50. Ne5 Rc8 51. Ng4 Rc1+ 52. Kf2 Rc2+ 53. Ke1
Rc1+ 54. Kd2 Rd1+ 55. Kc2 d3+ 56. Kc3 Rc1+ 57. Kd4 Rc4+ 58. Kxd3 Be4+ 59. Kxc4
b5+ 60. Kc5 Bf3 61. Nf6+ Kh8 62. Qf8# 1-0

[Event "ICS unrated blitz match"]
[Site "204.178.125.65"]
[Date "2000.02.01"]
[Round "?"]
[White "Hossa"]
[Black "star"]
[Result "0-1"]
[WhiteElo "2299"]
[BlackElo "2552"]
[PlyCount "90"]

1. d4 d5 2. Nf3 Nf6 3. Bf4 c5 4. dxc5 e6 5. b4 a5 6. c3 axb4 7. cxb4 Nc6 8. Nc3
Nxb4 9. Nb5 Qa5 10. Nc7+ Kd8 11. Nd2 Ra7 12. e3 Bd7 13. a3 Bxc5 14. Be5 Nc6 15.
Bxf6+ gxf6 16. Nb5 Ra8 17. Qh5 Ne5 18. Rb1 Ke7 19. g3 Rhc8 20. Nd4 Bxa3 21.
N4b3 Qc3 22. Be2 Ba4 23. O-O Bb2 24. Bd1 Bb5 25. Be2 Bxe2 26. Qxe2 Qd3 27. Qh5
Bc3 28. Rfd1 b5 29. e4 Bxd2 30. Nxd2 Ra2 31. Rb3 Qd4 32. Qe2 Rcc2 33. Nf1 Rxe2
34. Rxd4 dxe4 35. Rdb4 Nf3+ 36. Rxf3 exf3 37. Rxb5 Re1 38. h4 Rxf1+ 39. Kh2
Raxf2+ 40. Kh3 f5 41. Rb7+ Kd6 42. g4 Rg2 43. Rb6+ Kc5 44. Rb5+ Kxb5 45. gxf5
Rh1# 0-1

[Event "ICS rated blitz match"]
[Site "204.178.125.65"]
[Date "2000.02.01"]
[Round "?"]
[White "Hossa"]
[Black "Apollon"]
[Result "0-1"]
[WhiteElo "2299"]
[BlackElo "2139"]
[PlyCount "124"]

1. e4 c5 2. Nf3 e6 3. Nc3 a6 4. d4 cxd4 5. Nxd4 Qc7 6. Bd3 Nc6 7. Nxc6 bxc6 8.
O-O Nf6 9. Bg5 Bd6 10. g3 Be5 11. Qd2 O-O 12. Be3 d5 13. Bc5 Rd8 14. f3 Qa5 15.
Qf2 Rb8 16. exd5 Rxb2 17. Bd4 Bxd4 18. Qxd4 c5 19. Qe5 c4 20. Nd1 Rb7 21. Be2
exd5 22. Qc3 Qxc3 23. Nxc3 Rb2 24. Rfc1 Bf5 25. Bd1 d4 26. Na4 c3 27. g4 Be6
28. g5 Nd7 29. Rcb1 Rb5 30. a3 Rxg5+ 31. Kh1 Bh3 32. f4 Rg2 33. Rb4 Rf2 34. Bf3
Rxf3 35. Rxd4 Re8 36. Rc4 Re2 37. Rxc3 Bg2+ 38. Kg1 Rxf4 39. Rb1 Be4 40. Rg3
Rxc2 41. Rd1 h5 42. Nc3 Ne5 43. Nxe4 Rxe4 44. h3 Ree2 45. h4 Kh7 46. Rf1 f6 47.
Rf5 Ng4 48. a4 Ne3 49. Rxh5+ Kg8 50. Kh1 Re1+ 51. Rg1 Nf1 52. Rg2 Ng3+ 53. Kh2
Rxg2+ 54. Kxg2 Nxh5 55. Kf3 Ra1 56. a5 Rxa5 57. Kg4 Re5 58. Kf3 a5 59. Kg4 Re3
60. Kxh5 Re4 61. Kg6 Re5 62. h5 Rg5# 0-1

[Event "ICS unrated standard match"]
[Site "204.178.125.65"]
[Date "2000.02.01"]
[Round "?"]
[White "lasseh"]
[Black "Hossa"]
[Result "0-1"]
[WhiteElo "2121"]
[BlackElo "2200"]
[PlyCount "122"]

1. e4 c5 2. Nf3 e6 3. d4 cxd4 4. Nxd4 Nc6 5. Be3 Nf6 6. Nxc6 bxc6 7. Nc3 Bb4 8.
Bd3 d5 9. exd5 exd5 10. Bd2 O-O 11. O-O Rb8 12. Rb1 Re8 13. Na4 Bd6 14. Re1 Be6
15. b3 Qc7 16. h3 c5 17. c4 d4 18. Qc2 Be7 19. Bf5 Bxf5 20. Qxf5 g6 21. Qf3 Nh5
22. Re2 Bd6 23. Rbe1 Rxe2 24. Rxe2 Ng7 25. Nb2 Ne6 26. Nd3 Qe7 27. Bf4 Rc8 28.
Bxd6 Qxd6 29. Re5 Qd8 30. Rd5 Qe7 31. Qe2 Rc7 32. Ne5 Nf4 33. Qf3 Nxd5 34. Qxd5
a5 35. Nd3 Rc8 36. Kf1 Qc7 37. Qe5 Qxe5 38. Nxe5 Kg7 39. Nd3 h6 40. Ke2 Kf6 41.
Kf3 Ke6 42. g4 Kd6 43. Kf4 Rb8 44. g5 Rh8 45. h4 hxg5+ 46. Kxg5 Ke7 47. f4 Rh5+
48. Kg4 f6 49. Nf2 Rh8 50. Nd3 Kd6 51. Nc1 Re8 52. h5 Re1 53. hxg6 Rxc1 54. Kf5
d3 55. Kxf6 d2 56. g7 Rg1 57. f5 d1=Q 58. Kf7 Qg4 59. f6 Qe6+ 60. Kf8 Qxf6+ 61.
Ke8 Re1# 0-1

[Event "ICS rated blitz match"]
[Site "204.178.125.65"]
[Date "2000.02.02"]
[Round "?"]
[White "Hossa"]
[Black "gambitmaster"]
[Result "0-1"]
[WhiteElo "2276"]
[BlackElo "2551"]
[PlyCount "120"]

1. d4 Nf6 2. c4 e6 3. Nc3 Bb4 4. Qc2 O-O 5. a3 Bxc3+ 6. Qxc3 d5 7. Bg5 h6 8.
Bh4 g5 9. Bg3 Nc6 10. e3 Ne4 11. Qc2 f5 12. f3 Nxg3 13. hxg3 Kg7 14. O-O-O Bd7
15. cxd5 exd5 16. Qb3 Re8 17. Ne2 Na5 18. Qxd5 c6 19. Qd6 Re6 20. Qb4 Rxe3 21.
Nc3 Qc7 22. Be2 Rae8 23. Bd3 b6 24. Rh3 f4 25. Rh5 c5 26. dxc5 bxc5 27. Nd5
cxb4+ 28. Nxc7 Rc8 29. gxf4 Rxc7+ 30. Kd2 Re7 31. Be4 Nc4+ 32. Ke1 Bg4 33. Rh2
Rxe4+ 34. fxe4 Bxd1 35. Kxd1 Nxb2+ 36. Kd2 b3 37. Rh3 Nc4+ 38. Ke2 Rb7 39. f5
b2 40. Rh1 Nxa3 41. e5 Rb5 42. f6+ Kf7 43. Kd3 Rc5 44. Ke2 Rc2+ 45. Kf3 Rc1 46.
Rxh6 Rf1+ 47. Ke3 Nc4+ 48. Kd4 Rf4+ 49. Kc5 b1=Q 50. e6+ Kg8 51. f7+ Kg7 52.
f8=Q+ Kxf8 53. Rf6+ Rxf6 54. Kxc4 Qc2+ 55. Kd5 Rf5+ 56. Kd4 Rf4+ 57. Ke3 Qc3+
58. Ke2 Re4+ 59. Kf2 Qe3+ 60. Kf1 Qe1# 0-1

[Event "ICS rated blitz match"]
[Site "204.178.125.65"]
[Date "2000.02.02"]
[Round "?"]
[White "PostModernist"]
[Black "Hossa"]
[Result "1-0"]
[WhiteElo "2524"]
[BlackElo "2271"]
[PlyCount "113"]

1. d4 Nf6 2. c4 e6 3. Nc3 Bb4 4. g3 d5 5. Bg2 O-O 6. Nf3 dxc4 7. O-O Nbd7 8.
Qc2 c5 9. Rd1 cxd4 10. Rxd4 Qc7 11. Rh4 Bxc3 12. Qxc3 Nb6 13. b3 Qd7 14. Ba3
Rd8 15. bxc4 Qc7 16. Bb4 Kh8 17. a4 Kg8 18. a5 Nbd7 19. Qa3 Ne5 20. Be7 Re8 21.
Bxf6 gxf6 22. Nxe5 Qxe5 23. e3 Rb8 24. f4 Qc7 25. Qd3 f5 26. Qd4 b5 27. Qf6 Qc5
28. Qg5+ Kf8 29. Rxh7 Qxe3+ 30. Kh1 Qd4 31. Rc1 bxc4 32. Qh5 Qf6 33. Bc6 Ba6
34. Rh6 Qb2 35. Rh8+ Qxh8 36. Qxh8+ Ke7 37. Qd4 Ra8 38. Qc5+ Kf6 39. Bxa8 Rxa8
40. Qc6 Rd8 41. Qxa6 Rd7 42. Qxc4 Kg7 43. Qc7 Rxc7 44. Rxc7 a6 45. Rc6 e5 46.
fxe5 f4 47. gxf4 f6 48. exf6+ Kf7 49. Rxa6 Kg6 50. Rc6 Kf5 51. f7 Ke4 52. f8=Q
Kd3 53. Qf5+ Ke3 54. Rc3+ Kd2 55. Qc2+ Ke1 56. Re3+ Kf1 57. Qg2# 1-0

[Event "ICS rated blitz match"]
[Site "204.178.125.65"]
[Date "2000.02.02"]
[Round "?"]
[White "Hossa"]
[Black "scriabin"]
[Result "0-1"]
[WhiteElo "2265"]
[BlackElo "2344"]
[PlyCount "82"]

1. d4 g6 2. c4 Nf6 3. Nc3 Bg7 4. e4 d6 5. Nf3 O-O 6. Be2 a5 7. O-O Qe8 8. e5
Nfd7 9. Bf4 Nc6 10. Nd5 Qd8 11. exd6 cxd6 12. Re1 e5 13. Bg5 f6 14. Be3 e4 15.
Nd2 f5 16. Nb1 Nf6 17. Bg5 Be6 18. Nf4 Bf7 19. d5 Ne5 20. Qb3 h6 21. Bxf6 Qxf6
22. Na3 a4 23. Qb6 g5 24. Ne6 Bxe6 25. dxe6 Qxe6 26. Rad1 Rad8 27. Qxb7 Kh8 28.
Qb4 g4 29. Qxa4 Qg6 30. Qc2 Nf3+ 31. Bxf3 gxf3 32. g3 Qh5 33. Kh1 Qh3 34. Rg1
Be5 35. Rd5 Rg8 36. c5 Rg5 37. Qxe4 fxe4 38. Rxe5 dxe5 39. Nc4 Rd1 40. Ne3
Qxh2+ 41. Kxh2 Rh5# 0-1

[Event "ICS rated blitz match"]
[Site "204.178.125.65"]
[Date "2000.02.02"]
[Round "?"]
[White "scriabin"]
[Black "Hossa"]
[Result "0-1"]
[WhiteElo "2356"]
[BlackElo "2253"]
[PlyCount "40"]

1. c4 e6 2. Nc3 d5 3. d4 Nf6 4. cxd5 exd5 5. Bg5 Be7 6. e3 O-O 7. Qc2 Nc6 8. a3
h6 9. Bh4 Bg4 10. Bd3 Re8 11. f3 Be6 12. O-O-O Na5 13. g4 c6 14. Nge2 Qb6 15.
Bf2 Bxa3 16. Kd2 Bxb2 17. Rb1 Bxc3+ 18. Nxc3 Qc7 19. Bg3 Qe7 20. h4 Bxg4 0-1

[Event "ICS rated blitz match"]
[Site "204.178.125.65"]
[Date "2000.02.02"]
[Round "?"]
[White "Bringer"]
[Black "Hossa"]
[Result "1/2-1/2"]
[WhiteElo "2506"]
[BlackElo "2274"]
[PlyCount "158"]

1. e4 c5 2. Nf3 e6 3. c3 d5 4. e5 d4 5. Bd3 Nc6 6. O-O Nge7 7. Re1 Nf5 8. Bxf5
exf5 9. cxd4 Nxd4 10. Nxd4 Qxd4 11. Nc3 Be6 12. Nb5 Qd7 13. Qa4 Ke7 14. Qa5 b6
15. Qa4 a6 16. Nc3 Qxa4 17. Nxa4 Rb8 18. b3 Kd7 19. Bb2 b5 20. Nc3 Kc6 21. Red1
Rd8 22. Ne2 Rd3 23. Nf4 Rd8 24. d4 cxd4 25. Bxd4 Ba3 26. Rd3 a5 27. Rad1 g5 28.
Ne2 h6 29. R1d2 Rhe8 30. Ng3 Bb4 31. Rd1 f4 32. Rc1+ Kb7 33. Nf1 Bf5 34. Rdd1
Ba3 35. Ra1 Rxd4 36. Rxd4 Bb2 37. Rad1 Bxd4 38. Rxd4 Rxe5 39. b4 axb4 40. Rxb4
Bd3 41. Rd4 Bc4 42. Rd1 Bxa2 43. Rd7+ Kc6 44. Ra7 Bc4 45. Ra1 Kc5 46. Nd2 Re2
47. Nxc4 bxc4 48. Kf1 Rb2 49. Ra7 f5 50. Rf7 Kd4 51. Rd7+ Kc3 52. Rd5 Rb1+ 53.
Ke2 Rg1 54. g3 fxg3 55. hxg3 Kb4 56. Rxf5 c3 57. Kd3 Rd1+ 58. Kc2 Rd2+ 59. Kc1
Ra2 60. f4 Rf2 61. Rf7 gxf4 62. gxf4 Kc4 63. f5 h5 64. f6 h4 65. Rc7+ Kd4 66.
Rd7+ Ke5 67. Rh7 Rf4 68. Kc2 Kd4 69. f7 Rf2+ 70. Kb3 Kd3 71. f8=Q Rxf8 72. Rxh4
c2 73. Rh1 Rg8 74. Ka3 Kc3 75. Rh3+ Kd2 76. Rh2+ Kc3 77. Rh3+ Kd2 78. Rh2+ Kc3
79. Rh3+ Kd4 1/2-1/2

[Event "ICS rated blitz match"]
[Site "204.178.125.65"]
[Date "2000.02.02"]
[Round "?"]
[White "Hossa"]
[Black "Bringer"]
[Result "1/2-1/2"]
[WhiteElo "2283"]
[BlackElo "2497"]
[PlyCount "72"]

1. e4 c5 2. Nf3 d6 3. d4 cxd4 4. Nxd4 Nf6 5. Nc3 a6 6. Rg1 Nc6 7. g4 Nxd4 8.
Qxd4 Nxg4 9. Nd5 Nxh2 10. Qc3 Bg4 11. Rxg4 Nxg4 12. Nc7+ Kd7 13. Nxa8 h5 14.
Be2 e6 15. f3 Ne5 16. Be3 Qxa8 17. Bd4 f6 18. O-O-O Nc6 19. Bb6 h4 20. Bc4 h3
21. Qb3 Qe8 22. Rh1 h2 23. f4 e5 24. Bf7 Qe7 25. f5 g5 26. fxg6 Nd8 27. Bd5 Qg7
28. Qc4 Be7 29. Bxb7 Qh6+ 30. Kb1 Nxb7 31. Qc7+ Ke6 32. Qxb7 Qxg6 33. Qd5+ Kd7
34. Qb7+ Ke6 35. Qd5+ Kd7 36. Qb7+ Ke6 1/2-1/2

[Event "ICS Rated blitz match"]
[Site "204.178.125.65"]
[Date "2000.02.02"]
[Round "?"]
[White "chalenger"]
[Black "Hossa"]
[Result "0-1"]
[WhiteElo "2016"]
[BlackElo "2299"]
[PlyCount "44"]

1. d4 g6 2. e4 Nf6 3. Nc3 d6 4. f3 Bg7 5. Be3 O-O 6. Qd2 e5 7. Nge2 Nc6 8.
O-O-O exd4 9. Nxd4 Re8 10. h4 d5 11. Nxc6 bxc6 12. Bh6 Bxh6 13. Qxh6 Re5 14. g4
Rb8 15. h5 g5 16. exd5 cxd5 17. Bd3 Rb6 18. f4 Ne4 19. Qxb6 axb6 20. fxe5 Nxc3
21. bxc3 Bxg4 22. h6 Bxd1 0-1

[Event "ICS unrated standard match"]
[Site "204.178.125.65"]
[Date "2000.02.02"]
[Round "?"]
[White "star"]
[Black "Hossa"]
[Result "1-0"]
[WhiteElo "2603"]
[BlackElo "2200"]
[PlyCount "119"]

1. e4 e5 2. Nf3 Nf6 3. d4 exd4 4. e5 Ne4 5. Qe2 Nc5 6. Nxd4 Nc6 7. Nxc6 bxc6 8.
Nc3 Qe7 9. Bd2 g6 10. O-O-O Rb8 11. Ne4 Nxe4 12. Qxe4 Bg7 13. Bc3 O-O 14. Qe3
a6 15. Bc4 Qh4 16. f4 d5 17. exd6 Bxc3 18. bxc3 cxd6 19. Rxd6 Bb7 20. Rd7 Qg4
21. Rhd1 Qf5 22. Re7 Bc8 23. g4 Qa5 24. Rxf7 Qa3+ 25. Kd2 Rxf7 26. Qe8+ Qf8 27.
Bxf7+ Kg7 28. Qe5+ Kxf7 29. Qxb8 Bxg4 30. Qxf8+ Kxf8 31. Rb1 Bf3 32. Rb6 a5 33.
Rb8+ Kf7 34. Rb7+ Kf6 35. Rxh7 Bd5 36. a4 Bf7 37. Ke3 c5 38. Rxf7+ Kxf7 39. Ke4
Ke6 40. c4 Kd6 41. f5 gxf5+ 42. Kxf5 Ke7 43. Ke5 Kf7 44. Kd5 Ke7 45. Kxc5 Ke6
46. Kb6 Kf5 47. c5 Ke5 48. c6 Kd6 49. c4 Ke6 50. Kxa5 Ke5 51. c7 Kd4 52. c8=Q
Ke5 53. Qe8+ Kf4 54. c5 Kg4 55. c6 Kf4 56. c7 Kf3 57. c8=Q Kf4 58. Qf7+ Kg5 59.
Qff5+ Kh4 60. Qg4# 1-0

[Event "ICS rated blitz match"]
[Site "204.178.125.65"]
[Date "2000.02.02"]
[Round "?"]
[White "MissSilicon"]
[Black "Hossa"]
[Result "1-0"]
[WhiteElo "2425"]
[BlackElo "2304"]
[PlyCount "95"]

1. f4 d5 2. e3 Nf6 3. Nf3 c5 4. Nc3 e6 5. Ne5 Be7 6. Bb5+ Nbd7 7. O-O a6 8.
Bxd7+ Bxd7 9. d4 O-O 10. dxc5 Bxc5 11. Qd3 Be8 12. Bd2 b5 13. Ne2 Ne4 14. Nf3
Qf6 15. Ned4 Rc8 16. Ba5 Qg6 17. Rad1 Qg4 18. Nd2 Bxd4 19. exd4 Bc6 20. Bb4
Rfe8 21. Nb3 Bb7 22. Nc5 Rc7 23. Qe3 Rec8 24. Rde1 f6 25. h3 Qh4 26. Qa3 Nxc5
27. Bxc5 Re8 28. Qa5 Rc6 29. a4 bxa4 30. Qxa4 Qg3 31. Qb4 Ba8 32. f5 e5 33.
dxe5 fxe5 34. Re3 Qg5 35. Rxe5 Rcc8 36. Qd4 Qd8 37. f6 gxf6 38. Qg4+ Kf7 39.
Rg5 Rxc5 40. Rg7+ Kf8 41. Qg5 Rc6 42. Rxh7 Re7 43. Rh8+ Kf7 44. Rxd8 Re8 45.
Qh5+ Kg7 46. Rd7+ Re7 47. Rxe7+ Kg8 48. Qe8# 1-0

[Event "ICS rated blitz match"]
[Site "204.178.125.65"]
[Date "2000.02.02"]
[Round "?"]
[White "Hossa"]
[Black "MissSilicon"]
[Result "0-1"]
[WhiteElo "2293"]
[BlackElo "2436"]
[PlyCount "146"]

1. f4 d5 2. e3 c5 3. b3 e6 4. Nf3 Nf6 5. c4 Be7 6. d4 Nc6 7. Nc3 cxd4 8. Nxd4
Bb4 9. Nde2 dxc4 10. Qxd8+ Nxd8 11. bxc4 Nc6 12. Bd2 O-O 13. Nd4 Nxd4 14. exd4
Rd8 15. Rb1 Ba5 16. Ne2 Bxd2+ 17. Kxd2 b6 18. Rb4 Ba6 19. Ke3 Rac8 20. Nc3 Nd5+
21. Nxd5 exd5 22. cxd5 Rc1 23. Kf2 Rxd5 24. Ra4 Ra5 25. Rxa5 bxa5 26. a4 Rd1
27. d5 Bb7 28. Rg1 Rxd5 29. Be2 Rd4 30. Rd1 Rxf4+ 31. Kg3 g5 32. Rd7 Rb4 33.
Rc7 f5 34. Bf1 Be4 35. Rxa7 Rxa4 36. Kf2 Ra2+ 37. Ke3 Kf8 38. g4 h5 39. gxf5
Bxf5 40. Bc4 Ra3+ 41. Kd4 Bg6 42. Ra8+ Kg7 43. Ra7+ Kh6 44. Ra6 Rf3 45. Bb5
Rf4+ 46. Kc3 Kg7 47. Rxa5 Bf7 48. Bd3 Kf6 49. Rb5 Be6 50. Rb2 Ke5 51. Re2+ Kd6
52. Rd2 Bd5 53. Bc2 Rc4+ 54. Kb2 Ke5 55. Re2+ Kf4 56. Bg6 h4 57. Rd2 Bf3 58.
Rd7 Kg4 59. Bc2 Kh3 60. Bb3 Re4 61. Rd3 Re2+ 62. Kc3 g4 63. Bd1 Rf2 64. Bb3
Kxh2 65. Rd4 h3 66. Bc2 g3 67. Bd1 Bxd1 68. Rd5 g2 69. Rxd1 g1=Q 70. Kb4 Qxd1
71. Kc5 Rc2+ 72. Kb4 Qb1+ 73. Ka5 Ra2# 0-1

[Event "ICS rated standard match"]
[Site "204.178.125.65"]
[Date "2000.02.02"]
[Round "?"]
[White "Hossa"]
[Black "Motoman"]
[Result "0-1"]
[WhiteElo "2200"]
[BlackElo "2161"]
[PlyCount "132"]

1. e4 c5 2. Nf3 e6 3. c3 d5 4. e5 d4 5. cxd4 cxd4 6. Qa4+ Nc6 7. Bb5 Bd7 8. O-O
Bc5 9. Qc4 Qb6 10. Ba4 Nge7 11. a3 a5 12. d3 O-O 13. Nbd2 Ng6 14. Nb3 Be7 15.
Bxc6 Bxc6 16. Nbxd4 Rac8 17. Nxc6 Rxc6 18. Qa4 Rd8 19. d4 Qa6 20. Bd2 Nh4 21.
Nxh4 Bxh4 22. Qxa5 Qxa5 23. Bxa5 Rxd4 24. Rfc1 Rdc4 25. Rxc4 Rxc4 26. Rd1 Rc2
27. g3 Bg5 28. Rd7 b6 29. Rb7 h5 30. Rxb6 h4 31. Rb7 h3 32. Kf1 Rc1+ 33. Ke2
Rh1 34. b4 Rxh2 35. Rd7 Rh1 36. Bd8 Bxd8 37. Rxd8+ Kh7 38. Rd4 g5 39. f4 g4 40.
f5 exf5 41. e6 fxe6 42. Rd7+ Kg6 43. Rd8 Ra1 44. Rg8+ Kf6 45. Rh8 Rxa3 46. b5
Rxg3 47. Kd2 Rb3 48. Rh5 Rxb5 49. Kc3 Ke5 50. Rh7 Rb1 51. Kc2 Ra1 52. Kb3 g3
53. Rxh3 g2 54. Rg3 g1=Q 55. Rxg1 Rxg1 56. Kc4 Rc1+ 57. Kb4 Kd5 58. Kb3 Kd4 59.
Kb4 Rb1+ 60. Ka4 Kc5 61. Ka3 Kc4 62. Ka2 Rb8 63. Ka3 f4 64. Ka2 Kc3 65. Ka1 Kc2
66. Ka2 Ra8# 0-1

[Event "ICS Rated blitz match"]
[Site "204.178.125.65"]
[Date "2000.02.02"]
[Round "?"]
[White "PostModernist"]
[Black "Hossa"]
[Result "0-1"]
[WhiteElo "2507"]
[BlackElo "2283"]
[PlyCount "148"]

1. c4 e6 2. Nc3 d5 3. cxd5 exd5 4. d4 Be7 5. Nf3 Nf6 6. Bg5 O-O 7. e3 Nbd7 8.
Bd3 c5 9. Qc2 cxd4 10. Nxd4 Nc5 11. Nf3 Nxd3+ 12. Qxd3 Be6 13. O-O Rc8 14. Rfd1
Qb6 15. b3 Rxc3 16. Qxc3 Ne4 17. Qe5 f6 18. Qd4 Bc5 19. Qd3 fxg5 20. h3 Bf7 21.
Rac1 Qf6 22. a4 Be6 23. Rc2 Rf7 24. a5 b6 25. a6 g6 26. Rcc1 h6 27. Rc2 Kh7 28.
Rf1 Bxh3 29. Nd4 Bd7 30. f3 Ng3 31. Rff2 Bxd4 32. Qxd4 Qxd4 33. exd4 Bb5 34.
Ra2 Re7 35. Rfd2 Ne2+ 36. Kh2 Kg7 37. Ra1 Re3 38. Re1 Kf6 39. b4 h5 40. Ra2 h4
41. Rd2 Bc4 42. Rb1 Kf5 43. Ra1 g4 44. fxg4+ Ke4 45. Rad1 g5 46. Ra1 Bd3 47.
Rda2 Kxd4 48. Rf1 Nc3 49. Rd2 Re2 50. Rxe2 Bxe2 51. Rf7 Bxa6 52. Rxa7 Be2 53.
Rb7 b5 54. Rc7 Bxg4 55. Rg7 Ne4 56. Rc7 Kd3 57. Rc6 d4 58. Kg1 Ke3 59. Rb6 d3
60. Rxb5 d2 61. Rd5 Be2 62. Rxd2 Nxd2 63. b5 Nf3+ 64. gxf3 Bxb5 65. Kg2 h3+ 66.
Kg3 Bd7 67. f4 h2 68. Kxh2 gxf4 69. Kg2 f3+ 70. Kg3 f2 71. Kg2 Ke2 72. Kg3 f1=Q
73. Kh2 Be6 74. Kg3 Qf2# 0-1

[Event "ICS Rated blitz match"]
[Site "204.178.125.65"]
[Date "2000.02.02"]
[Round "?"]
[White "Hossa"]
[Black "MissSilicon"]
[Result "0-1"]
[WhiteElo "2308"]
[BlackElo "2498"]
[PlyCount "146"]

1. e4 e5 2. Nf3 Nf6 3. d4 exd4 4. e5 Ne4 5. Qe2 Nc5 6. Nxd4 Nc6 7. Nxc6 dxc6 8.
Nc3 Qe7 9. Bf4 Bf5 10. O-O-O Rd8 11. h4 h6 12. g4 Bh7 13. Bg2 Rxd1+ 14. Qxd1
Qe6 15. Bg3 Be7 16. f4 O-O 17. f5 Qc8 18. Qg1 Rd8 19. f6 gxf6 20. exf6 Bd6 21.
Bxd6 cxd6 22. Bh3 Qc7 23. Qe3 Ne6 24. Qxh6 d5 25. g5 Qf4+ 26. Kb1 Qf3 27. Rh2
Bf5 28. g6 fxg6 29. Bxf5 Qxf5 30. Nd1 Qxf6 31. h5 Nf8 32. hxg6 Re8 33. Rh1 Qg7
34. Qh3 Nxg6 35. Qf5 Rf8 36. Qe6+ Qf7 37. Qh3 Re8 38. Rg1 b5 39. Qh6 Re6 40.
Rh1 a5 41. Nc3 b4 42. Nd1 Qg7 43. Qh2 Qe7 44. Rg1 Kg7 45. Qh5 Qf7 46. Rg2 Re1
47. Kc1 Qf4+ 48. Kb1 Qf5 49. Rxg6+ Qxg6 50. Qxg6+ Kxg6 51. Kc1 Re2 52. b3 Kf5
53. Nb2 Re1+ 54. Nd1 c5 55. Kd2 Rh1 56. Ke2 Rh2+ 57. Kd3 Rh3+ 58. Kd2 Rh4 59.
Ke3 c4 60. Kf3 Rf4+ 61. Kg3 Rd4 62. Ne3+ Ke4 63. Ng2 Rd2 64. Nf4 c3 65. Ne6
Rxc2 66. Nc5+ Ke3 67. Na6 Rxa2 68. Nc7 c2 69. Nxd5+ Ke4 70. Nxb4 c1=Q 71. Nxa2
Qg1+ 72. Kh4 Kf4 73. Nc3 Qh2# 0-1